000 02003nas a2200265 i 4500
001 172597
003 ES-MaACL
005 20251104184005.0
008 090724d1914 sp a| | 1 ||pa d
080 _a3 : 061.12(460)
110 2 _aReal Academia de Ciencias Morales y Políticas (España)
_9222050
245 1 0 _aMemorias de la Real Academia de Ciencias Morales y Políticas
_g1914.
260 _aMadrid :
_b[s. n.],
_c1914 (
_fEst. Tip. de Jaime Ratés)
300 _a1 v. ;
_c26 cm.
505 0 _aT. X. El sistema protector de los primeros materiales y del trabajo ; Economía política ; La agitación social ; ¿La legislación debe ocuparse en el contrato de trabajo? ; Contrato de trabajo ; La moneda ; La obligación moral ; La ley en varios de sus aspectos ; Repercusiones inesperadas de las leyes sociales y fiscales ; Melchor Salvá ; Figuig y la política francesa en Marruecos ; La evolución del trabajo en la antigua Grecia ; Notas de psicología colectiva: las emociones de Bolsa ; Propósitos del actual gobierno liberal de Inglaterra ; Resumen histórico de la Real Academia de Ciencias Morales y Políticas ; Cuestiones sociales y políticas en Inglaterra ; La educación moral ; El socialismo ; Errores en las estadísticas oficiales de España ; La reina Victoria, según su correspondencia inédita ; La instrucción pública en el Japón ; La India para los indios ; Discurso con motivo de su viaje a América / Rafael Altamira y Crevea.
597 _aError de pag.; ejemp. mal enc.
700 1 _aAlzola y Minondo, Pablo de,
_d1841-1912
_921064
700 1 _aSanz y Escartín, Eduardo,
_d1855-1939
_9103695
700 1 _aAguirre de Tejada O'Neale y Eulate, Manuel,
_cConde de Tejada de Valdosera
_918868
700 1 _aAguilar y Correa, Antonio,
_cMarqués de la Vega de Armijo,
_d1824-1908
_918751
700 1 _aSalvá, Melchor,
_d1834-1918
_9102056
700 1 _aAltamira, Rafael,
_d1866-1951
_920515
852 _aES-MaACL
_jK-180
999 _c172597
_d172597